| 000 | 00768nam a2200229Ia 4500 | ||
|---|---|---|---|
| 003 | GCL | ||
| 008 | 140319s9999 xx 000 0 ara d | ||
| 040 |
_aGCL / _cGCL |
||
| 082 | 0 | 4 |
_a296.382 _bر ح |
| 100 | 1 | _aرخلافسكى، سفى | |
| 245 | 1 | 0 |
_aحمار المسيح / _cرخلافسكى، سفى |
| 700 | 1 | _aاسماعيل دبج | |
| 250 | _aالثانية | ||
| 260 |
_aسوريا : _bدار كنعان للدراسات والنشر ، _c2005 |
||
| 300 |
_a359 ص ؛ _c21 سم |
||
| 650 | 0 | 4 | _aالصهيونية |
| 650 | 0 | 4 | _aاليهودية والدولة |
| 650 | 0 | 4 | _aبروتوكولات حكماء صهيون |
| 650 | 0 | 4 | _aالصهيونية واليهودية |
| 650 | 0 | 4 | _aاليهود - الاحوال السياسية |
| 942 |
_2ddc _cBK |
||
| 999 |
_c9951 _d9951 |
||